000 00458nam a2200133 4500
999 _c8509
_d8509
008 180209b xxu||||| |||| 00| 0 eng d
082 _aDPer 050 Dec 2015-Mar 2016 T48 v186-187
100 _926280
_aAltman, Alex.
245 _aWhy the feds held back in Oregon/
_cAlex Altman.
260 _aNew York :
_bTime Inc.,
_c©Dec 2015-Mar 2016.
300 _av187 n1, page 14:
_billustrations;
_c27 cm.
650 0 _926281
_aProtest movements.
942 _2ddc
_cPER